| 000 | 01112cam a22003617a 4500 | ||
|---|---|---|---|
| 003 | CHAP | ||
| 005 | 20220329143809.0 | ||
| 008 | 110913s1986 es a r 00010 spa d | ||
| 010 | _a101991 | ||
| 011 | _a102963 | ||
| 020 | _a8470032852 | ||
| 035 | _a113652 | ||
| 040 | _cCHAP | ||
| 082 | 0 | 4 |
_a634.653 _bI2 1986 |
| 100 | 0 | 0 |
_aIbar Albiñana, Leandro. _957149 |
| 245 | 1 | 0 |
_aCultivo del aguacate, chirimoyo, mango, papaya _c/por Leandro Ibar Albiñana |
| 250 | _a3 ed. | ||
| 260 |
_aBarcelona : _bAedos, _c1986 |
||
| 300 |
_a175 p. : _bilus. |
||
| 490 | 0 | _aBiblioteca agrícola Aedos | |
| 590 |
_aBATCH-UPD _b10 _c20130110 _lUCH01 _h1053 |
||
| 590 |
_aBATCH-UPD _b10 _c20130410 _lUCH01 _h0649 |
||
| 590 |
_aBATCH-UPD _b10 _c20130913 _lUCH01 _h2308 |
||
| 590 |
_aCONVERSION _b10 _c20130109 _lUCH01 _h1356 |
||
| 650 | 1 | 4 |
_aAguacate. _92490 |
| 650 | 1 | 4 |
_aChirimoya. _922608 |
| 650 | 1 | 4 |
_aMango. _970395 |
| 650 | 1 | 4 |
_aPapaya. _985322 |
| 830 | 0 |
_aBiblioteca agrícola Aedos _912228 |
|
| 901 | _aBK | ||
| 942 | _cLIBRO | ||
| 949 |
_a634.653 I2 1986 _bBC _cLIBRO _d33724002305785 _eLIBRO _gDonaciØn _h115802 _i113652 _si |
||
| 999 |
_c101991 _d101991 |
||